000 00711nam a2200265Ia 4500
003 OSt
005 20220918163224.0
006 a|||||r|||| 00| 0
007 ta
008 220917b |||||||| |||| 00| 0 eng d
020 _a0 333 31539 1
024 _a28,765
037 _cTextual
040 _aARTS
_cARTS
_beng
041 _2eng
_aeng
082 _aO111,3M12:g, M4
100 _aPage Norman
_912110
245 0 _aDickens companion
260 _aLondon
_bMacmillan Press UK
_c1984
300 _axv,369p. plates
_ccm.
500 _aBib 309-18p; Appendic 329-56p
650 _aENGLISH LITERATURE
942 _hO111,3M12:g, M4
_cTEXL
_2CC
999 _c118554
_d118554